[Event "WchT Blitz Pool D"]
[Site "London"]
[Date "2025.06.14"]
[Round "2.3"]
[White "Agmanov, Zhandos"]
[Black "Strom Engdahl, Alexander"]
[Result "1-0"]
[WhiteElo "2481"]
[BlackElo "2320"]
[PlyCount "93"]
[EventDate "2025.06.14"]
[EventType "team-tourn"]
[EventRounds "13"]
[EventCountry "ENG"]
[SourceTitle "CB25_2025"]
[SourceDate "2025.06.18"]
[SourceVersion "1"]
[SourceVersionDate "2025.06.18"]
[SourceQuality "1"]
[WhiteTeam "Barys.kz"]
[BlackTeam "Uppsala SSS"]
[WhiteTeamCountry "KAZ"]
[BlackTeamCountry "SWE"]

1. e4 g6 2. d4 Bg7 3. Nc3 d6 4. Nf3 Nf6 5. Be2 0-0 6. 0-0 a6 7. Re1 b5 8. e5 Nfd7 9. e6 fxe6 10. Ng5 Nf6 11. Bf3 d5 12. Nxe6 Bxe6 13. Rxe6 b4 14. Rxf6 Rxf6 15. Bxd5+ Kh8 16. Bxa8 bxc3 17. bxc3 c6 18. Rb1 Nd7 19. Bb7 Qa5 20. Rb3 Qxa2 21. Bg5 Rf8 22. Bxc6 Nf6 23. h3 Qa5 24. Be3 Qc7 25. Bf3 a5 26. Qa1 e5 27. Rb7 Qd6 28. Qxa5 e4 29. Be2 Nd5 30. Qa7 Qf6 31. Rb8 Nxe3 32. Rxf8+ Bxf8 33. fxe3 Bh6 34. Qa8+ Kg7 35. Qxe4 Qb6 36. Qe5+ Kf8 37. Qh8+ Kf7 38. Bc4+ Ke7 39. Qxh7+ Kd8 40. Qxh6 Qb1+ 41. Kh2 Qxc2 42. Qf8+ Kd7 43. Bb5+ Kc7 44. Qc5+ Kb7 45. Qc6+ Kb8 46. Ba6 Qb3 47. Qb7+ 1-0

[Event "WchT Blitz Pool D"]
[Site "London"]
[Date "2025.06.14"]
[Round "9.3"]
[White "Strom Engdahl, Alexander"]
[Black "Sadvakasov, Darmen"]
[Result "0-1"]
[WhiteElo "2320"]
[BlackElo "2629"]
[PlyCount "62"]
[EventDate "2025.06.14"]
[EventType "team-tourn"]
[EventRounds "13"]
[EventCountry "ENG"]
[SourceTitle "CB25_2025"]
[SourceDate "2025.06.18"]
[SourceVersion "1"]
[SourceVersionDate "2025.06.18"]
[SourceQuality "1"]
[WhiteTeam "Uppsala SSS"]
[BlackTeam "KazChess"]
[WhiteTeamCountry "SWE"]
[BlackTeamCountry "KAZ"]

1. d4 Nf6 2. Nf3 e6 3. Bf4 b6 4. e3 Bb7 5. h3 g6 6. Bd3 Bg7 7. 0-0 d6 8. a4 a6 9. Nbd2 Nbd7 10. Bh2 Qe7 11. c3 e5 12. e4 0-0 13. Re1 h6 14. Qc2 Nh7 15. a5 b5 16. dxe5 dxe5 17. b4 c5 18. bxc5 Nxc5 19. Bf1 Rac8 20. Rab1 Rfd8 21. c4 Ng5 22. Nxg5 hxg5 23. Nf3 Ne6 24. Qb2 Nd4 25. Nxd4 Rxd4 26. cxb5 Bxe4 27. Ra1 Rc2 28. Qb3 Rb4 29. Qa3 Qc5 30. bxa6 Qxf2+ 31. Kh1 Bxg2+ 0-1

[Event "WchT Rapid"]
[Site "London"]
[Date "2025.06.11"]
[Round "3.2"]
[White "Strom Engdahl, Alexander"]
[Black "Ragnarsson, Dagur"]
[Result "0-1"]
[WhiteElo "2113"]
[BlackElo "2350"]
[PlyCount "78"]
[EventDate "2025.06.11"]
[EventType "team-swiss"]
[EventRounds "12"]
[EventCountry "ENG"]
[SourceTitle "CB25_2025"]
[SourceDate "2025.06.18"]
[SourceVersion "1"]
[SourceVersionDate "2025.06.18"]
[SourceQuality "1"]
[WhiteTeam "Uppsala SSS"]
[BlackTeam "ChessbrahTV"]
[WhiteTeamCountry "SWE"]
[BlackTeamCountry "CAN"]

1. Nf3 Nf6 2. b3 g6 3. Bb2 Bg7 4. c4 d6 5. g3 e5 6. d3 0-0 7. Bg2 a5 8. 0-0 Na6 9. Nbd2 a4 10. Bc3 axb3 11. axb3 c6 12. b4 Bd7 13. Qc2 Qe7 14. Rfb1 Nc7 15. c5 dxc5 16. Bxe5 Rxa1 17. Rxa1 cxb4 18. Ra7 Bc8 19. Qb2 Nb5 20. Ra4 c5 21. Ra5 Nc3 22. Nc4 Ne8 23. Bxg7 Nxg7 24. e3 Qc7 25. Ra1 Be6 26. Ncd2 b6 27. d4 Bd5 28. Nb1 Nxb1 29. Qxb1 Qb7 30. Ne1 Bxg2 31. Nxg2 Ne6 32. Nf4 Nxf4 33. gxf4 Qd5 34. Qb2 Rd8 35. Rd1 b3 36. Qc3 c4 37. Ra1 Ra8 38. Re1 Qa5 39. Qc1 b2 0-1

[Event "Helsingor Kronborg Master 1"]
[Site "Helsingor"]
[Date "2025.06.01"]
[Round "7"]
[White "Strom Engdahl, Alexander"]
[Black "Ramsdal, Jens Albert"]
[Result "1-0"]
[WhiteElo "2320"]
[BlackElo "2351"]
[PlyCount "83"]
[EventDate "2025.05.29"]
[EventType "tourn"]
[EventRounds "7"]
[EventCountry "DEN"]
[EventCategory "2"]
[SourceTitle "CB23_2025"]
[SourceDate "2025.06.04"]
[SourceVersion "1"]
[SourceVersionDate "2025.06.04"]
[SourceQuality "1"]

1. Nf3 d5 2. e3 Nf6 3. c4 e6 4. Nc3 c6 5. b3 Bd6 6. Bb2 0-0 7. Be2 b6 8. cxd5 exd5 9. d4 Re8 10. 0-0 Nbd7 11. Qc2 Bb7 12. Rac1 Nf8 13. Bd3 Ng6 14. Ne2 Ne4 15. Ng3 Nxg3 16. hxg3 Rc8 17. Qe2 Rc7 18. Rfd1 Bc8 19. Qc2 Qe7 20. Re1 Qf8 21. e4 dxe4 22. Rxe4 Rxe4 23. Bxe4 c5 24. Qd2 Re7 25. Bxg6 hxg6 26. dxc5 Bc7 27. cxb6 Rd7 28. Qxd7 Bxd7 29. Rxc7 axb6 30. Rxd7 Qe8 31. Rd1 f6 32. Bd4 Qe2 33. Rd2 Qe6 34. Be3 g5 35. Bxg5 Qe4 36. Be3 b5 37. Rd1 b4 38. Rd4 Qb1+ 39. Kh2 g5 40. Nd2 Qh7+ 41. Kg1 Qb7 42. Nf1 1-0

[Event "Helsingor Kronborg"]
[Site "Helsingor"]
[Date "2024.05.12"]
[Round "7"]
[White "Loftgaard, Mikkel Vinh"]
[Black "Strom Engdahl, Alexander"]
[Result "1/2-1/2"]
[WhiteElo "2228"]
[BlackElo "2217"]
[PlyCount "125"]
[EventDate "2024.05.09"]
[EventType "tourn"]
[EventRounds "7"]
[EventCountry "DEN"]
[SourceTitle "CBM 220 Extra"]
[Source "ChessBase"]
[SourceDate "2024.07.31"]
[SourceVersion "1"]
[SourceVersionDate "2024.07.31"]
[SourceQuality "1"]

1. e4 c5 2. Nf3 Nc6 3. c3 Nf6 4. e5 Nd5 5. d4 cxd4 6. cxd4 d6 7. Bc4 dxe5 8. dxe5 Be6 9. 0-0 g6 10. Ng5 Bg7 11. Nxe6 fxe6 12. Qf3 Qd7 13. Bb5 a6 14. Bxc6 Qxc6 15. Bg5 Rf8 16. Qg4 Rf5 17. Nd2 Bxe5 18. Rac1 Qb6 19. Nf3 Bg7 20. Qh4 Kf7 21. Be3 Nxe3 22. fxe3 Kg8 23. Qxe7 Raf8 24. Kh1 R5f7 25. Qh4 Qxb2 26. Qc4 Qb6 27. e4 Kh8 28. h3 Qd6 29. Ng5 Rxf1+ 30. Rxf1 Rxf1+ 31. Qxf1 Qe7 32. Qc4 Qd7 33. Qxe6 Qxe6 34. Nxe6 b6 35. Kg1 Be5 36. Kf2 h6 37. Ke3 Kg8 38. Kd3 Kf7 39. Nd8+ Ke7 40. Nc6+ Kd6 41. Nb4 a5 42. Nd5 b5 43. g4 h5 44. gxh5 gxh5 45. Ke3 a4 46. Kd2 Kc5 47. Kd3 b4 48. Kc2 Kc4 49. Nb6+ Kb5 50. Nd7 Bg7 51. e5 Kc6 52. e6 Kd6 53. Nb6 b3+ 54. axb3 axb3+ 55. Kxb3 Kxe6 56. Kc2 Kf5 57. Kd2 Kf4 58. Ke2 Kg3 59. Kf1 Bd4 60. Nd5 Bc5 61. Nf6 Kxh3 62. Nxh5 Bg1 63. Kxg1 1/2-1/2

[Event "Helsingor Kronborg"]
[Site "Helsingor"]
[Date "2024.05.11"]
[Round "6"]
[White "Strom Engdahl, Alexander"]
[Black "Rasmussen, Casper"]
[Result "1/2-1/2"]
[WhiteElo "2217"]
[BlackElo "2202"]
[PlyCount "73"]
[EventDate "2024.05.09"]
[EventType "tourn"]
[EventRounds "7"]
[EventCountry "DEN"]
[SourceTitle "CBM 220 Extra"]
[Source "ChessBase"]
[SourceDate "2024.07.31"]
[SourceVersion "1"]
[SourceVersionDate "2024.07.31"]
[SourceQuality "1"]

1. e4 e5 2. Nf3 Nc6 3. Bc4 Bc5 4. c3 Nf6 5. d3 0-0 6. 0-0 d5 7. exd5 Nxd5 8. Re1 Bg4 9. Nbd2 Nb6 10. h3 Bh5 11. Bb3 Qxd3 12. Nxe5 Qf5 13. Nef3 Rae8 14. g4 Bxg4 15. hxg4 Qxg4+ 16. Kh1 Bxf2 17. Nh2 Rxe1+ 18. Qxe1 Qg3 19. Qf1 Re8 20. Ndf3 Ne5 21. Qe2 Kf8 22. Bg5 Nxf3 23. Qxf3 Qxf3+ 24. Nxf3 Bg3 25. Kg2 Bd6 26. Re1 Rxe1 27. Nxe1 a5 28. Bc2 h6 29. Bc1 c6 30. Nf3 Ke7 31. Be3 Nc4 32. Bd4 c5 33. Bb3 cxd4 34. Bxc4 dxc3 35. bxc3 f5 36. Bd5 b6 37. a4 1/2-1/2

[Event "Helsingor Kronborg"]
[Site "Helsingor"]
[Date "2024.05.10"]
[Round "3"]
[White "Strom Engdahl, Alexander"]
[Black "Schmidt, Kresten"]
[Result "0-1"]
[WhiteElo "2217"]
[BlackElo "2246"]
[PlyCount "62"]
[EventDate "2024.05.09"]
[EventType "tourn"]
[EventRounds "7"]
[EventCountry "DEN"]
[SourceTitle "CBM 220 Extra"]
[Source "ChessBase"]
[SourceDate "2024.07.31"]
[SourceVersion "1"]
[SourceVersionDate "2024.07.31"]
[SourceQuality "1"]

1. e4 c5 2. Nf3 Nc6 3. Bb5 g6 4. 0-0 Bg7 5. Bxc6 bxc6 6. Re1 d6 7. h3 e5 8. d3 Ne7 9. a3 a5 10. Nbd2 0-0 11. Nc4 h6 12. Bd2 f5 13. Rb1 Be6 14. Qe2 a4 15. b4 axb3 16. cxb3 Kh7 17. b4 Bxc4 18. dxc4 fxe4 19. Qxe4 Rxa3 20. bxc5 d5 21. Qh4 Raxf3 22. gxf3 Qc7 23. Ba5 Qd7 24. Qg4 Rf5 25. Bd2 h5 26. Qg3 dxc4 27. Rbd1 Nd5 28. Kg2 Qf7 29. Rc1 Bh6 30. Bxh6 Kxh6 31. Kh1 Rg5 0-1

[Event "Gothenburg Kvibergspelen"]
[Site "Gothenburg"]
[Date "2023.09.15"]
[Round "4"]
[White "Strom Engdahl, Alexander"]
[Black "Kashwan, Hassan"]
[Result "1-0"]
[WhiteElo "2164"]
[BlackElo "1901"]
[PlyCount "65"]
[EventDate "2023.09.15"]
[EventType "swiss"]
[EventRounds "8"]
[EventCountry "SWE"]
[SourceTitle "CBM 216 Extra"]
[Source "ChessBase"]
[SourceDate "2023.11.30"]
[SourceVersion "1"]
[SourceVersionDate "2023.11.30"]
[SourceQuality "1"]

1. e4 c5 2. Nf3 d6 3. Bb5+ Nc6 4. 0-0 e6 5. Re1 Bd7 6. d4 cxd4 7. Nxd4 Qb6 8. Be3 Qc7 9. Nc3 Nf6 10. f4 Be7 11. Qf3 0-0 12. Bd3 Nxd4 13. Bxd4 e5 14. Be3 Bc6 15. g4 Nd7 16. f5 Nc5 17. g5 Rfe8 18. Bxc5 dxc5 19. g6 fxg6 20. fxg6 Rf8 21. Qh3 h6 22. Rf1 Rf6 23. Rxf6 Bxf6 24. Bc4+ Kh8 25. Rd1 b5 26. Bxb5 Bxb5 27. Nxb5 Qb6 28. Nd6 Bg5 29. Qe6 c4+ 30. Kh1 Rf8 31. Nf7+ Kg8 32. Nxg5+ Qxe6 33. Nxe6 1-0

[Event "SWE-ch U20"]
[Site "Helsingborg"]
[Date "2023.07.08"]
[Round "8"]
[White "Strom Engdahl, Alexander"]
[Black "Joensson, Oscar"]
[Result "1/2-1/2"]
[WhiteElo "2120"]
[BlackElo "2077"]
[PlyCount "100"]
[EventDate "2023.07.01"]
[EventType "tourn"]
[EventRounds "9"]
[EventCountry "SWE"]
[SourceTitle "CBM 215 Extra"]
[Source "ChessBase"]
[SourceDate "2023.09.30"]
[SourceVersion "1"]
[SourceVersionDate "2023.09.30"]
[SourceQuality "1"]

1. e4 c6 2. d4 d5 3. e5 c5 4. dxc5 e6 5. a3 Bxc5 6. Qg4 Ne7 7. Nf3 Ng6 8. Bd3 Nc6 9. 0-0 0-0 10. Qh5 Nd4 11. Nxd4 Bxd4 12. c3 Bb6 13. Nd2 Bd7 14. Nf3 Qe8 15. a4 Bxa4 16. Ng5 h6 17. Nxf7 Qxf7 18. Bxg6 Bxf2+ 19. Kh1 Qd7 20. Bxh6 gxh6 21. Qg4 Bc6 22. Be8+ Qg7 23. Qxe6+ Kh7 24. Bxc6 bxc6 25. Qxc6 Rae8 26. e6 d4 27. Qe4+ Kh8 28. cxd4 Bxd4 29. Rxf8+ Rxf8 30. Rd1 Bxb2 31. e7 Re8 32. Rd8 Qf7 33. Rxe8+ Qxe8 34. Qe3 Kg7 35. Qg3+ Kh7 36. Qd3+ Kg7 37. Qg3+ Kh8 38. Qd6 Kg8 39. Qe6+ Kg7 40. Qe3 Bf6 41. Qxa7 Qxe7 42. Qxe7+ Bxe7 43. g4 Kg6 44. Kg2 Kg5 45. Kh3 Bd6 46. Kg2 Kh4 47. Kh1 Kh3 48. Kg1 Bc5+ 49. Kh1 Bf2 50. g5 hxg5 1/2-1/2

[Event "SWE-ch U20"]
[Site "Helsingborg"]
[Date "2023.07.05"]
[Round "5"]
[White "Wernberg, Hugo"]
[Black "Strom Engdahl, Alexander"]
[Result "1/2-1/2"]
[WhiteElo "2217"]
[BlackElo "2120"]
[PlyCount "48"]
[EventDate "2023.07.01"]
[EventType "tourn"]
[EventRounds "9"]
[EventCountry "SWE"]
[SourceTitle "CBM 215 Extra"]
[Source "ChessBase"]
[SourceDate "2023.09.30"]
[SourceVersion "1"]
[SourceVersionDate "2023.09.30"]
[SourceQuality "1"]

1. d4 Nf6 2. c4 e6 3. Nf3 d5 4. g3 dxc4 5. Bg2 c5 6. 0-0 Nc6 7. Ne5 Bd7 8. Na3 cxd4 9. Naxc4 Be7 10. Bf4 Rc8 11. Qb3 Nd5 12. Nxd7 Qxd7 13. Ne5 Nxe5 14. Bxe5 Bf6 15. Bxf6 Nxf6 16. Bxb7 Rc7 17. Bg2 0-0 18. a4 e5 19. Rfd1 Rd8 20. Rd2 Qc8 21. Qd1 Qa6 22. b4 Qc4 23. Rb2 Nd5 24. Bxd5 Qxd5 1/2-1/2

[Event "SWE-ch U20"]
[Site "Helsingborg"]
[Date "2023.07.04"]
[Round "4"]
[White "Strom Engdahl, Alexander"]
[Black "Ostlund, Joar"]
[Result "1-0"]
[WhiteElo "2120"]
[BlackElo "2265"]
[PlyCount "59"]
[EventDate "2023.07.01"]
[EventType "tourn"]
[EventRounds "9"]
[EventCountry "SWE"]
[SourceTitle "CBM 215 Extra"]
[Source "ChessBase"]
[SourceDate "2023.09.30"]
[SourceVersion "1"]
[SourceVersionDate "2023.09.30"]
[SourceQuality "1"]

1. e4 e5 2. Nf3 Nc6 3. Bc4 Bc5 4. c3 Nf6 5. d3 d6 6. 0-0 a6 7. a4 Ba7 8. Re1 h6 9. Nbd2 Be6 10. Bxe6 fxe6 11. Nf1 a5 12. d4 exd4 13. cxd4 Qd7 14. Ng3 0-0 15. h3 Qf7 16. Be3 d5 17. Ne5 Nxe5 18. dxe5 Nxe4 19. Nxe4 Bxe3 20. Rxe3 dxe4 21. Qe2 Rad8 22. Rxe4 Rd5 23. Ra3 Qe7 24. f4 Rfd8 25. Rb3 Qc5+ 26. Kh2 Rd2 27. Qg4 Qd5 28. Rg3 Qd7 29. Qg6 Rxb2 30. Rd4 1-0

[Event "SWE-ch U20"]
[Site "Helsingborg"]
[Date "2023.07.03"]
[Round "3"]
[White "Strom Engdahl, Alexander"]
[Black "Lindholm, Gustav"]
[Result "1/2-1/2"]
[WhiteElo "2120"]
[BlackElo "2155"]
[PlyCount "140"]
[EventDate "2023.07.01"]
[EventType "tourn"]
[EventRounds "9"]
[EventCountry "SWE"]
[SourceTitle "CBM 215 Extra"]
[Source "ChessBase"]
[SourceDate "2023.09.30"]
[SourceVersion "1"]
[SourceVersionDate "2023.09.30"]
[SourceQuality "1"]

1. e4 c5 2. Nf3 d6 3. Bb5+ Nd7 4. a4 a6 5. Be2 Ngf6 6. Nc3 g6 7. 0-0 Bg7 8. a5 e5 9. d3 Nf8 10. Nd5 Nxd5 11. exd5 f5 12. Nd2 b5 13. axb6 Nd7 14. Nb3 Nxb6 15. c4 0-0 16. Na5 g5 17. b4 g4 18. bxc5 dxc5 19. Bb2 Qh4 20. f3 g3 21. hxg3 Qxg3 22. Qe1 Qf4 23. Nc6 Qg5 24. f4 exf4 25. Bxg7 Qxg7 26. Qf2 Re8 27. Bh5 Re3 28. Qxf4 Rg3 29. Ra2 Bd7 30. Ne7+ Kh8 31. Qd6 Nc8 32. Nxc8 Rxc8 33. Bf7 Rf8 34. Be6 Bxe6 35. dxe6 Rg6 36. Qd5 f4 37. Re2 Qe7 38. Qe5+ Kg8 39. Rxf4 Rxf4 40. Qxf4 Rxe6 41. Qg4+ Kf7 42. Qf5+ Qf6 43. Qxh7+ Ke8 44. Qh5+ Kd7 45. Qd5+ Rd6 46. Qb7+ Kd8 47. Qb8+ Kd7 48. Qe8+ Kc7 49. Qe3 Qd4 50. Qxd4 Rxd4 51. Rd2 Kb6 52. Kf2 Ka5 53. Ke2 Kb4 54. Ra2 Rd6 55. Kd2 Kb3 56. Ra1 Rg6 57. g4 Rxg4 58. Rxa6 Rg2+ 59. Ke3 Rg4 60. Rc6 Kc3 61. Rxc5 Rg3+ 62. Ke4 Rxd3 63. Rd5 Rh3 64. c5 Kc4 65. Rf5 Rh4+ 66. Ke3 Rh8 67. c6 Rc8 68. Rf1 Rxc6 69. Rc1+ Kb5 70. Rxc6 Kxc6 1/2-1/2

[Event "Norrkoeping Easter op"]
[Site "Norrkoeping"]
[Date "2023.04.08"]
[Round "4"]
[White "Strom Engdahl, Alexander"]
[Black "Ostensson, Julia"]
[Result "1-0"]
[WhiteElo "2139"]
[BlackElo "1849"]
[PlyCount "35"]
[EventDate "2023.04.07"]
[EventType "swiss"]
[EventRounds "8"]
[EventCountry "SWE"]
[SourceTitle "CBM 213 Extra"]
[Source "ChessBase"]
[SourceDate "2023.05.31"]
[SourceVersion "1"]
[SourceVersionDate "2023.05.31"]
[SourceQuality "1"]

1. d4 Nf6 2. Nc3 d6 3. e4 Nbd7 4. Nf3 e5 5. Be2 c6 6. a4 Qc7 7. 0-0 Be7 8. h3 h6 9. Be3 g5 10. Nd2 Nf8 11. Nc4 Ne6 12. Qd2 Nf4 13. Rad1 Kf8 14. b4 Rg8 15. dxe5 dxe5 16. Bc5 Be6 17. Ne3 Rd8 18. Qxd8+ 1-0

[Event "Vaxjo op"]
[Site "Vaxjo"]
[Date "2023.02.12"]
[Round "7"]
[White "Strom Engdahl, Alexander"]
[Black "Wagner, Stephan"]
[Result "1/2-1/2"]
[WhiteElo "2097"]
[BlackElo "2264"]
[PlyCount "45"]
[EventDate "2023.02.10"]
[EventType "swiss"]
[EventRounds "8"]
[EventCountry "SWE"]
[SourceTitle "CBM 212 Extra"]
[Source "ChessBase"]
[SourceDate "2023.03.31"]
[SourceVersion "1"]
[SourceVersionDate "2023.03.31"]
[SourceQuality "1"]

1. d4 Nf6 2. Nf3 e6 3. Bf4 b6 4. e3 Bb7 5. h3 Be7 6. Nbd2 0-0 7. Bd3 Nd5 8. Bh2 f5 9. c3 Bd6 10. Qc2 Bxh2 11. Rxh2 Ba6 12. 0-0-0 Bxd3 13. Qxd3 Nc6 14. g4 Kh8 15. Rg1 Qf6 16. Rhg2 g6 17. h4 Rae8 18. h5 fxg4 19. Rxg4 gxh5 20. Rg5 Rg8 21. Rxh5 Rxg1+ 22. Nxg1 Qf7 23. Rh2 1/2-1/2

[Event "Vaxjo op"]
[Site "Vaxjo"]
[Date "2023.02.10"]
[Round "3"]
[White "Strom Engdahl, Alexander"]
[Black "Hector, Jonny"]
[Result "0-1"]
[WhiteElo "2097"]
[BlackElo "2466"]
[PlyCount "86"]
[EventDate "2023.02.10"]
[EventType "swiss"]
[EventRounds "8"]
[EventCountry "SWE"]
[SourceTitle "CBM 212 Extra"]
[Source "ChessBase"]
[SourceDate "2023.03.31"]
[SourceVersion "1"]
[SourceVersionDate "2023.03.31"]
[SourceQuality "1"]

1. d4 d5 2. Bf4 c5 3. Nc3 Nc6 4. e3 Bf5 5. Nf3 e6 6. Bb5 Bd6 7. dxc5 Bxc5 8. Nd4 Nge7 9. Nxf5 Nxf5 10. 0-0 0-0 11. e4 dxe4 12. Bxc6 bxc6 13. Qxd8 Rfxd8 14. Nxe4 Bb6 15. c3 Rd5 16. Rfe1 Rad8 17. b4 e5 18. Bg3 f6 19. Kf1 Rd3 20. Rac1 h5 21. h3 h4 22. Bh2 Kf7 23. Bg1 Ke6 24. Ke2 Ne7 25. c4 Ra3 26. Rc2 Nf5 27. Rb2 Bd4 28. Rc2 Rb8 29. Rb1 Ra4 30. b5 cxb5 31. cxb5 Ra5 32. Nc5+ Kf7 33. a4 Bxc5 34. Rxc5 Rxa4 35. Rb2 Nd4+ 36. Kd3 Ra1 37. Bh2 Ne6 38. Rc6 Rh1 39. f3 Rxh2 40. Rc1 Rb7 41. Ke3 Nf4 42. Rg1 Nxh3 43. Rgb1 Nf4 0-1

[Event "SWE-ch Masters"]
[Site "Uppsala"]
[Date "2022.07.10"]
[Round "9"]
[White "Strom Engdahl, Alexander"]
[Black "Eriksson, Daniel"]
[Result "0-1"]
[WhiteElo "2077"]
[BlackElo "2246"]
[PlyCount "112"]
[EventDate "2022.07.02"]
[EventType "swiss"]
[EventRounds "9"]
[EventCountry "SWE"]
[SourceTitle "EXT 2024"]
[Source "ChessBase"]
[SourceDate "2023.10.10"]
[SourceVersion "1"]
[SourceVersionDate "2023.10.10"]
[SourceQuality "1"]

1. c4 e5 2. Nc3 Nf6 3. g3 c6 4. d4 exd4 5. Qxd4 d5 6. Bg5 Nbd7 7. Nf3 Bc5 8. Qd2 Qb6 9. Be3 Bxe3 10. Qxe3+ Qxe3 11. fxe3 dxc4 12. Rc1 0-0 13. h3 Re8 14. Kf2 Nb6 15. Nd2 Bf5 16. Bg2 Rad8 17. Rhd1 g5 18. g4 Bg6 19. b3 cxb3 20. axb3 h6 21. Nc4 Nxc4 22. bxc4 Rxd1 23. Rxd1 Kg7 24. Rd2 Be4 25. Bxe4 Nxe4+ 26. Nxe4 Rxe4 27. Rd7 b6 28. c5 Re5 29. Rxa7 Rxc5 30. Rb7 b5 31. e4 Kf6 32. Kf3 Rc3+ 33. e3 Ke6 34. Ke2 Rc1 35. Kd2 Rf1 36. Ke2 Rf6 37. Kd3 Ke5 38. Re7+ Kd6 39. Rb7 Rf2 40. Kc3 Kc5 41. e5 Kd5 42. Re7 c5 43. e4+ Kxe4 44. e6 fxe6 45. Rxe6+ Kd5 46. Rxh6 b4+ 47. Kb3 Rf3+ 48. Kb2 c4 49. Rh5 Kd4 50. Rxg5 Rxh3 51. Rf5 Rh2+ 52. Kc1 c3 53. Rf4+ Kd3 54. Rf3+ Kc4 55. Rf4+ Kb3 56. Rf1 Rg2 0-1

[Event "SWE-ch Masters"]
[Site "Uppsala"]
[Date "2022.07.07"]
[Round "6"]
[White "Strom Engdahl, Alexander"]
[Black "Styf, Josef"]
[Result "1/2-1/2"]
[WhiteElo "2077"]
[BlackElo "2048"]
[PlyCount "35"]
[EventDate "2022.07.02"]
[EventType "swiss"]
[EventRounds "9"]
[EventCountry "SWE"]
[SourceTitle "EXT 2024"]
[Source "ChessBase"]
[SourceDate "2023.10.10"]
[SourceVersion "1"]
[SourceVersionDate "2023.10.10"]
[SourceQuality "1"]

1. d4 Nf6 2. Bf4 d6 3. Nc3 Nbd7 4. e4 e5 5. Be3 Be7 6. f3 0-0 7. Nge2 c6 8. Ng3 d5 9. Be2 dxe4 10. fxe4 exd4 11. Bxd4 Nc5 12. 0-0 b5 13. a3 Be6 14. Be3 a5 15. Qxd8 Rfxd8 16. Bf3 Ng4 17. Bxg4 Bxg4 18. Nf5 1/2-1/2

[Event "SWE-ch Masters"]
[Site "Uppsala"]
[Date "2022.07.05"]
[Round "4"]
[White "Strom Engdahl, Alexander"]
[Black "Tiger Norqvist, Axel"]
[Result "1/2-1/2"]
[WhiteElo "2077"]
[BlackElo "2239"]
[PlyCount "70"]
[EventDate "2022.07.02"]
[EventType "swiss"]
[EventRounds "9"]
[EventCountry "SWE"]
[SourceTitle "EXT 2024"]
[Source "ChessBase"]
[SourceDate "2023.10.10"]
[SourceVersion "1"]
[SourceVersionDate "2023.10.10"]
[SourceQuality "1"]

1. d4 Nf6 2. Bf4 g6 3. Nc3 Bg7 4. e4 0-0 5. Qd2 c6 6. e5 Ne8 7. Nf3 d6 8. 0-0-0 dxe5 9. Bxe5 Nf6 10. h4 Nbd7 11. Bf4 h5 12. Bd3 Ng4 13. Rhe1 Ndf6 14. Kb1 e6 15. Ne4 Nxe4 16. Bxe4 Qb6 17. c3 Rd8 18. Qc2 Bd7 19. Bg5 Rdc8 20. Ne5 Be8 21. Nxg4 hxg4 22. Qd2 c5 23. Bh6 Bh8 24. h5 cxd4 25. cxd4 Bf6 26. hxg6 fxg6 27. Rh1 Bf7 28. Qd3 Rd8 29. Bxg6 Rxd4 30. Bxf7+ Kxf7 31. Qh7+ Ke8 32. Qg8+ Ke7 33. Qh7+ Ke8 34. Qg6+ Ke7 35. Qh7+ Ke8 1/2-1/2

[Event "SWE-ch Masters"]
[Site "Uppsala"]
[Date "2022.07.02"]
[Round "1"]
[White "Johansson, Thomas1"]
[Black "Strom Engdahl, Alexander"]
[Result "0-1"]
[WhiteElo "2231"]
[BlackElo "2077"]
[PlyCount "66"]
[EventDate "2022.07.02"]
[EventType "swiss"]
[EventRounds "9"]
[EventCountry "SWE"]
[SourceTitle "EXT 2024"]
[Source "ChessBase"]
[SourceDate "2023.10.10"]
[SourceVersion "1"]
[SourceVersionDate "2023.10.10"]
[SourceQuality "1"]

1. Nf3 Nf6 2. c4 e6 3. d4 Bb4+ 4. Bd2 Bxd2+ 5. Qxd2 b6 6. g3 Bb7 7. Bg2 0-0 8. 0-0 d6 9. Nc3 Qe7 10. Qc2 c5 11. Rad1 Nc6 12. d5 Nb4 13. Qc1 exd5 14. a3 Na6 15. cxd5 Nc7 16. Nh4 Bc8 17. e4 b5 18. b4 cxb4 19. axb4 a5 20. bxa5 Rxa5 21. Qb2 Bd7 22. Rfe1 Ng4 23. Qb4 Raa8 24. Nf5 Qf6 25. Qxd6 Bxf5 26. Qxf6 Nxf6 27. d6 b4 28. dxc7 bxc3 29. exf5 Rac8 30. Rd3 Rxc7 31. Rc1 Rfc8 32. Rc2 h6 33. Kf1 Ng4 0-1

[Event "Deltalift op"]
[Site "Tylosand"]
[Date "2022.05.26"]
[Round "2"]
[White "Pantzar, Milton"]
[Black "Strom Engdahl, Alexander"]
[Result "1-0"]
[WhiteElo "2434"]
[BlackElo "2049"]
[PlyCount "34"]
[EventDate "2022.05.26"]
[EventType "swiss"]
[EventRounds "8"]
[EventCountry "SWE"]
[SourceTitle "CBM 208 Extra"]
[Source "ChessBase"]
[SourceDate "2022.07.31"]
[SourceVersion "1"]
[SourceVersionDate "2022.07.31"]
[SourceQuality "1"]

1. d4 Nf6 2. c4 e6 3. Nf3 b6 4. a3 Bb7 5. Nc3 d5 6. cxd5 Nxd5 7. Qc2 Be7 8. e4 Nxc3 9. bxc3 Nd7 10. Bd3 c5 11. 0-0 Qc7 12. Qe2 0-0 13. e5 Rfd8 14. h4 Rac8 15. Be3 Bxf3 16. gxf3 cxd4 17. cxd4 Qc3 1-0